000 00603nam a2200205 a 4500
001 24209
003 CO-ViMGA
008 141112s2004 ck r 000 u spa d
020 _a9788434233621
040 _aCO-ViMGA
_bspa
_cCO-ViMGA
082 0 4 _a728 B141a
100 1 _aBahamon Alejandro
_935281
245 1 0 _aAlta densidad vivienda contemporanea /
_cAlejandro Bahamon
260 _aEspaña :
_bParramon
300 _a168p.
650 1 4 _aARQUITECTURA DOMESTICA
_917759
650 1 4 _aEDIFICIOS DE APARTAMENTOS - DISEÑOS Y PLANOS
_935282
650 1 4 _aVIVIENDA - DISEÑO
_94634
942 _2ddc
_cBK
999 _c32225
_d32225